|
|
|
|
| LEADER |
00000nam a2200000Ii 4500 |
| 001 |
DIGUNCK0104 |
| 003 |
NyNyDIG |
| 006 |
m o d |
| 008 |
200122t20152009ck a ob 001 0 spa d |
| 007 |
cr ||||||||||| |
| 035 |
|
|
|a (OCoLC)1007139908
|
| 040 |
|
|
|a DGITA
|b eng
|e rda
|e pn
|c DGITA
|
| 020 |
|
|
|a 9789587755589
|q (eBook ;
|q pdf)
|
| 020 |
|
|
|a 9587755588
|q (eBook ;
|q pdf)
|
| 020 |
|
|
|z 9789587192377
|
| 020 |
|
|
|z 9587192370
|
| 043 |
|
|
|a s-ck---
|
| 050 |
1 |
4 |
|a F2277 ebook
|
| 082 |
0 |
4 |
|a 986.1063
|
| 245 |
0 |
0 |
|a República Liberal :
|b sociedad y cultura /
|c Rubén Sierra Mejía, editor.
|
| 264 |
|
1 |
|a Bogotá, D.C. :
|b Universidad Nacional de Colombia, Facultad de Ciencias Humanas, Departamento de Filosofía,
|c [2015]
|
| 264 |
|
4 |
|c ©2009
|
| 300 |
|
|
|a 1 online resource :
|b illustrations.
|
| 336 |
|
|
|a text
|b txt
|2 rdacontent
|
| 337 |
|
|
|a computer
|b c
|2 rdamedia
|
| 338 |
|
|
|a online resource
|b cr
|2 rdacarrier
|
| 347 |
|
|
|a text file
|2 rdaft
|
| 347 |
|
|
|b PDF
|
| 490 |
1 |
|
|a Biblioteca abierta ;
|v 373.
|a Colección general. Estudios interdisciplinarios
|
| 504 |
|
|
|a Includes bibliographical references and index.
|
| 505 |
0 |
|
|a El liberalismo de Alfonso López Pumarejo / Tomás Barrero -- Concepciones y debates sobre la cuestión agraria (1920-1938) / Rocío Londoño Botero -- El liberalismo y el movimiento sindical durante la República Liberal / Fernando Cubides Cipagauta -- Los jesuitas y el sindicalismo / Sergio Echeverri Montes -- Cuando los indios se vuelven comunistas (1910-1950) / Roberto Pineda Camacho -- Reforma cultural, Iglesia católica y Estado durante la República Liberal / Renán Silva -- El mito del poder de la caricatura : el tránsito de la Hegemonía Conservadora a la República Liberal / Beatriz González -- La muerte simbólica de Jorge Eliécer Gaitán / Darío Acevedo Carmona -- Política y cultura durante la República Liberal / Rubén Sierra Mejía - Revolución : imágenes, ideas, relatos / David Jiménez P. -- Política y derecho en las ideas filosóficas durante la República Liberal / Leonardo Tovar González -- Tradición y modernidad en el pensamiento de Cayetano Betancur / Iván González Puccetti -- Ciencia y educación superior en la República Liberal / Clara Helena Sánchez Botero -- La Escuela Normal Superior : un semillero de las ciencias humanas y sociales / Jaime Eduardo Jaramillo Jiménez -- Política y arquitectura : la Escuela Nueva en la República Liberal / Carlos Niño Murcia.
|
| 588 |
0 |
|
|a Online resource; title from PDF title page (Digitalia, viewed January 30, 2020)
|
| 651 |
|
0 |
|a Colombia
|x Politics and government
|y 1930-1946.
|
| 650 |
|
0 |
|a Liberalism
|z Colombia
|x History
|y 20th century.
|
| 650 |
|
0 |
|a Politics and culture
|z Colombia
|x History
|y 20th century.
|
| 655 |
|
0 |
|a Electronic books.
|
| 700 |
1 |
|
|a Sierra Mejía, Rubén,
|e editor.
|
| 791 |
2 |
|
|a Digitalia (Firm),
|e distributor.
|
| 793 |
0 |
|
|g Digitalia eBook Collection:
|a Universidad Nacional de Colombia
|
| 776 |
0 |
8 |
|i Print version:
|t República Liberal.
|d Bogotá, D.C. : Departamento de Filosofía, Facultad de Ciencias Humanas, Universidad Nacional de Colombia, ©2009
|z 9789587192377
|w (OCoLC)528721124
|
| 830 |
|
0 |
|a Biblioteca abierta ;
|v 373.
|
| 830 |
|
0 |
|a Biblioteca abierta.
|p Colección general.
|p Estudios interdisciplinarios.
|
| 856 |
4 |
0 |
|3 Digitalia Hispánica
|u https://www.digitaliapublishing.com/a/62213/
|
| 910 |
|
|
|a Premium collection: 2020
|